El secreto de la bomba atómica

Պահպանված է:
Մատենագիտական մանրամասներ
Հիմնական հեղինակ: Hecht, Selig
Ձևաչափ: Գիրք
Լեզու:իսպաներեն
Հրապարակվել է: Santiago Zig-Zag 1948
Շարք:Biblioteca de Cultura
Խորագրեր:
Ցուցիչներ: Ավելացրեք ցուցիչ
Չկան պիտակներ, Եղեք առաջինը, ով նշում է այս գրառումը!

MARC

LEADER 00000nam a2200000 a 4500
001 UCJ9098
003 CL-VaPUC
005 20240611100341.0
008 070302e19480000CL |||||||||||||||||spa|d
999 |c 324729  |d 324727 
020 |a 9506024251 
040 |c Pontificia Universidad Católica de Valparaíso 
082 0 4 |a 623.45119 HEC 1948  |2 21 
100 0 |a Hecht, Selig  |9 519016 
245 1 3 |a El secreto de la bomba atómica 
260 |a Santiago  |b Zig-Zag  |c 1948 
300 |a 196 páginas 
490 0 |a Biblioteca de Cultura 
583 |a last modification  |c 20070302 00:00:00  |k Rodrigo Vera 
650 7 |a BOMBA ATOMICA  |2 CL-VaPUC  |9 391777 
650 0 |a Armas nucleares  |9 334563 
942 |c BK  |2 ddc 
945 |d 20070302 00:00:00  |a cmena